CBOs management handbook : a guide to daily management tasks of community based organizations/ (Record no. 11481)
[ view plain ]
| 000 -LEADER | |
|---|---|
| fixed length control field | 00422nam a2200121 4500 |
| 008 - FIXED-LENGTH DATA ELEMENTS--GENERAL INFORMATION | |
| fixed length control field | 160709b xxu||||| |||| 00| 0 eng d |
| 020 ## - INTERNATIONAL STANDARD BOOK NUMBER | |
| International Standard Book Number | 9789966008251 |
| 050 ## - LIBRARY OF CONGRESS CALL NUMBER | |
| Classification number | T56.8 |
| Item number | .C45 2010 |
| 100 ## - MAIN ENTRY--PERSONAL NAME | |
| Personal name | Chikati, John |
| 245 ## - TITLE STATEMENT | |
| Title | CBOs management handbook : a guide to daily management tasks of community based organizations/ |
| Statement of responsibility, etc. | Chikati John |
| 260 ## - PUBLICATION, DISTRIBUTION, ETC. (IMPRINT) | |
| Place of publication, distribution, etc. | Nairobi : |
| Name of publisher, distributor, etc. | Repared Publishing Department, |
| Date of publication, distribution, etc. | 2010. |
| 300 ## - PHYSICAL DESCRIPTION | |
| Extent | vii, 85p. : |
| Other physical details | ill; |
| Dimensions | 21cm. |
| 650 ## - SUBJECT ADDED ENTRY--TOPICAL TERM | |
| Topical term or geographic name as entry element | Management |
| 942 ## - ADDED ENTRY ELEMENTS (KOHA) | |
| Source of classification or shelving scheme | |
| Koha item type | Short Loan Books |
| Classification part | T56.8 .C45 2010 |
| Withdrawn status | Lost status | Source of classification or shelving scheme | Damaged status | Not for loan | Home library | Current library | Shelving location | Date acquired | Source of acquisition | Total Checkouts | Full call number | Barcode | Date last seen | Price effective from | Koha item type |
|---|---|---|---|---|---|---|---|---|---|---|---|---|---|---|---|
| MACHAKOS UNIVERSITY LIBRARY | MACHAKOS UNIVERSITY LIBRARY | Short Loan | 09/07/2016 | Purchase | T56.8 .C45 2010 | 475 | 01/11/2019 | 09/07/2016 | Short Loan Books |